书目信息 |
| 题名: |
家庭期望、创业决策与新创企业成长
|
|
| 作者: | 沙彦飞, 著 | |
| 分册: | ||
| 出版信息: | 北京 经济管理出版社 2019 |
|
| 页数: | 189页 | |
| 开本: | 24cm | |
| 丛书名: | 经济管理学术文库 | |
| 单 册: | ||
| 中图分类: | F249.214 , F249.21 | |
| 科图分类: | ||
| 主题词: | 创业--chuang ye--决策--研究--中国 | |
| 电子资源: | ||
| ISBN: | 978-7-5096-6515-2 | |
| 000 | 01353nam 2200301 450 | |
| 001 | 2350970201 | |
| 005 | 20231224103203.91 | |
| 010 | @a978-7-5096-6515-2@dCNY68.00 | |
| 100 | @a20191104d2019 em y0chiy50 ea | |
| 101 | 0 | @achi |
| 102 | @aCN@b110000 | |
| 105 | @aak a 000yy | |
| 200 | 1 | @a家庭期望、创业决策与新创企业成长@Ajia ting qi wang 、chuang ye jue ce yu xin chuang qi ye cheng zhang@e影响机制及实证研究@d= Family aspiration, entrepreneurial decision and new enterprise growth@einfluence mechanism and empirical research@f沙彦飞著@zeng |
| 210 | @a北京@c经济管理出版社@d2019 | |
| 215 | @a189页@c图@d24cm | |
| 225 | 2 | @a经济管理学术文库@Ajing ji guan li xue shu wen ku@i管理类 |
| 300 | @a教育部人文社会科学研究规划基金项目 (17YJA630084) | |
| 314 | @a沙彦飞, 男, 江苏淮安人, 1968年出生, 理学博士, 副教授。 | |
| 320 | @a有书目 (第170-188页) | |
| 330 | @a本书共6章, 内容包括: 理论基础与文献综述、理论分析、实证分析、案例分析、政策建议等。 | |
| 410 | 0 | @12001 @a经济管理学术文库@i管理类 |
| 510 | 1 | @aFamily aspiration, entrepreneurial decision and new enterprise growth@einfluence mechanism and empirical research@zeng |
| 606 | 0 | @a创业@Achuang ye@x决策@x研究@y中国 |
| 690 | @aF249.214@v5 | |
| 690 | @aF249.21@v4 | |
| 701 | 0 | @a沙彦飞,@Asha yan fei@f1968-@4著 |
| 801 | 0 | @aCN@b湖北三新@c20191104 |
| 905 | @aZUCC@dF249.21@e43 | |
| 家庭期望、创业决策与新创企业成长:影响机制及实证研究= Family aspiration, entrepreneurial decision and new enterprise growth:influence mechanism and empirical research/沙彦飞著.-北京:经济管理出版社,2019 |
| 189页:图;24cm.-(经济管理学术文库.管理类) |
| 教育部人文社会科学研究规划基金项目 (17YJA630084) |
| ISBN 978-7-5096-6515-2:CNY68.00 |
| 本书共6章, 内容包括: 理论基础与文献综述、理论分析、实证分析、案例分析、政策建议等。 |
| ● |
| 相关链接 |
|
|
|
正题名:家庭期望、创业决策与新创企业成长
索取号:F249.21/43
 
预约/预借
| 序号 | 登录号 | 条形码 | 馆藏地/架位号 | 状态 | 备注 |
| 1 | 2001365657 | 2001365657 | 617书库/ [索取号:F249.21/43] | 在馆 | |
| 2 | 2001365658 | 2001365658 | 617书库/ [索取号:F249.21/43] | 在馆 | |
| 3 | 2001365659 | 2001365659 | 617书库/ [索取号:F249.21/43] | 在馆 | |
| 4 | 2001365660 | 2001365660 | 617书库/ [索取号:F249.21/43] | 在馆 | |
| 5 | 2001365661 | 2001365661 | 617书库/ [索取号:F249.21/43] | 在馆 | |
| 6 | 2001365662 | 2001365662 | 617书库/ [索取号:F249.21/43] | 在馆 | |
| 7 | 2001365663 | 2001365663 | 617书库/ [索取号:F249.21/43] | 在馆 | |
| 8 | 2001365664 | 2001365664 | 617书库/ [索取号:F249.21/43] | 在馆 | |
| 9 | 2001365665 | 2001365665 | 617书库/ [索取号:F249.21/43] | 在馆 | |
| 10 | 2001365666 | 2001365666 | 617书库/ [索取号:F249.21/43] | 在馆 | |
| 11 | 2001365667 | 2001365667 | 617书库/ [索取号:F249.21/43] | 在馆 | |
| 12 | 2001365668 | 2001365668 | 617书库/ [索取号:F249.21/43] | 在馆 | |
| 13 | 2001365669 | 2001365669 | 617书库/ [索取号:F249.21/43] | 在馆 | |
| 14 | 2001365670 | 2001365670 | 617书库/ [索取号:F249.21/43] | 在馆 | |
| 15 | 2001365671 | 2001365671 | 617书库/ [索取号:F249.21/43] | 在馆 | |
| 16 | 2001365672 | 2001365672 | 617书库/ [索取号:F249.21/43] | 在馆 | |
| 17 | 2001365673 | 2001365673 | 617书库/ [索取号:F249.21/43] | 在馆 | |
| 18 | 2001365674 | 2001365674 | 617书库/ [索取号:F249.21/43] | 在馆 | |
| 19 | 2001365675 | 2001365675 | 617书库/ [索取号:F249.21/43] | 在馆 | |
| 20 | 2001365676 | 2001365676 | 617书库/ [索取号:F249.21/43] | 在馆 | |
| 21 | 2001365677 | 2001365677 | 617书库/ [索取号:F249.21/43] | 在馆 | |
| 22 | 2001365678 | 2001365678 | 617书库/ [索取号:F249.21/43] | 在馆 | |
| 23 | 2001365679 | 2001365679 | 617书库/ [索取号:F249.21/43] | 在馆 | |
| 24 | 2001365680 | 2001365680 | 617书库/ [索取号:F249.21/43] | 在馆 | |
| 25 | 2001365681 | 2001365681 | 617书库/ [索取号:F249.21/43] | 在馆 | |
| 26 | 2001365682 | 2001365682 | 617书库/ [索取号:F249.21/43] | 在馆 | |
| 27 | 2001365683 | 2001365683 | 617书库/ [索取号:F249.21/43] | 在馆 | |
| 28 | 2001365684 | 2001365684 | 617书库/ [索取号:F249.21/43] | 在馆 | |
| 29 | 2001365685 | 2001365685 | 617书库/ [索取号:F249.21/43] | 在馆 | |
| 30 | 2001365686 | 2001365686 | 617书库/ [索取号:F249.21/43] | 在馆 |